000 00298nam a22001337a 4500
008 171027b xxu||||| |||| 00| 0 eng d
020 _a9780538865241
041 _aeng
080 _22ND
_a336
100 _a56
101 _aFIN
245 _aREADINGS IN PUBLIC FINANCE
_cBAKER,S
942 _2udc
_cBK
999 _c36171
_d36171